000 00518nam a22001697a 4500
005 20251108173317.0
008 250721s9999 xx 000 0 ara d
020 _a9953721173
082 1 4 _a616.6/رزق
100 1 _aرزق، هيام
245 1 0 _aأسرار التخلص من العجز الجنسي /
264 _bدار القلم للطباعة و النشر و التوزيع،
300 _a95 ص
650 1 7 _aالأمراض التناسلية الذكرية
942 _2ddc
_cBK
999 _c100960
_d100960